Contemporary issues in criminological theory and research : the role of social institutions / (Record no. 10358)

MARC details
000 -LEADER
fixed length control field 00776nam a22001937a 4500
005 - DATE AND TIME OF LATEST TRANSACTION
control field 20240725140411.0
008 - FIXED-LENGTH DATA ELEMENTS--GENERAL INFORMATION
fixed length control field 240725b ||||| |||| 00| 0 eng d
020 ## - INTERNATIONAL STANDARD BOOK NUMBER
International Standard Book Number 9781111771812
027 ## - STANDARD TECHNICAL REPORT NUMBER
Qualifying information HV6774.C66
245 ## - TITLE STATEMENT
Title Contemporary issues in criminological theory and research : the role of social institutions /
Statement of responsibility, etc. edited by Richard Rosenfeld et al.
260 ## - PUBLICATION, DISTRIBUTION, ETC.
Place of publication, distribution, etc. Belmont :
Name of publisher, distributor, etc. Wadsworth/ Cengage Learning,
Date of publication, distribution, etc. 2012.
300 ## - PHYSICAL DESCRIPTION
Extent ix, 379 p. :
Dimensions 21 cm.
500 ## - GENERAL NOTE
General note Includes references.
505 ## - FORMATTED CONTENTS NOTE
Formatted contents note Contents : Institutional analysis in criminology : an overview of the current volume : Family -- Education -- Religion -- Economy -- Polity.
700 ## - ADDED ENTRY--PERSONAL NAME
Personal name Rosenfeld, Richard.
9 (RLIN) 2954
700 ## - ADDED ENTRY--PERSONAL NAME
Personal name Quinet, Kenna.
9 (RLIN) 2955
700 ## - ADDED ENTRY--PERSONAL NAME
Personal name Garcia, Crystal.
9 (RLIN) 2956
942 ## - ADDED ENTRY ELEMENTS (KOHA)
Source of classification or shelving scheme Library of Congress Classification
Koha item type Books
Holdings
Withdrawn status Lost status Source of classification or shelving scheme Damaged status Not for loan Home library Current library Shelving location Date acquired Total Checkouts Full call number Barcode Date last seen Copy number Price effective from Koha item type
    Library of Congress Classification     WISCONSIN INTERNATIONAL UNIVERSITY COLLEGE, GHANA - MAIN LIBRARY WISCONSIN INTERNATIONAL UNIVERSITY COLLEGE, GHANA - MAIN LIBRARY REF - SPECIAL LAW COLLECTION 25/07/2024   HV6774.C66 083/083/24 25/07/2024 1 25/07/2024 Books
    Library of Congress Classification     WISCONSIN INTERNATIONAL UNIVERSITY COLLEGE, GHANA - MAIN LIBRARY WISCONSIN INTERNATIONAL UNIVERSITY COLLEGE, GHANA - MAIN LIBRARY REF - SPECIAL LAW COLLECTION 25/07/2024   HV6774.C661 084/084/24 25/07/2024 2 25/07/2024 Books
    Library of Congress Classification     WISCONSIN INTERNATIONAL UNIVERSITY COLLEGE, GHANA - MAIN LIBRARY WISCONSIN INTERNATIONAL UNIVERSITY COLLEGE, GHANA - MAIN LIBRARY REF - SPECIAL LAW COLLECTION 25/07/2024   HV6774.C662 085/085/24 25/07/2024 3 25/07/2024 Books
    Library of Congress Classification     WISCONSIN INTERNATIONAL UNIVERSITY COLLEGE, GHANA - MAIN LIBRARY WISCONSIN INTERNATIONAL UNIVERSITY COLLEGE, GHANA - MAIN LIBRARY Law Library 25/07/2024   HV6774.C66 3383/488/24 25/07/2024 1 25/07/2024 Books
    Library of Congress Classification     WISCONSIN INTERNATIONAL UNIVERSITY COLLEGE, GHANA - MAIN LIBRARY WISCONSIN INTERNATIONAL UNIVERSITY COLLEGE, GHANA - MAIN LIBRARY Law Library 25/07/2024   HV6774.C661 3384/489/24 25/07/2024 2 25/07/2024 Books
    Library of Congress Classification     WISCONSIN INTERNATIONAL UNIVERSITY COLLEGE, GHANA - MAIN LIBRARY WISCONSIN INTERNATIONAL UNIVERSITY COLLEGE, GHANA - MAIN LIBRARY Law Library 25/07/2024   HV6774.C662 3385/490/24 25/07/2024 3 25/07/2024 Books

If you have any concerns or questions; kindly contact the library


© Powered by WIUC ICT DIRECTORATE